000 01368cam a2200361 i 4500
001 24083
003 Mx-PuUPA
005 20250609150519.0
008 140415s1988 sp gr 001 0 spa d
017 _aB. 558-1988
020 _a8425401461
_qrústica
040 _aMx-PuUPA
_bspa
_cMx-PuUPA
_dMx-PuUPA
_erda
041 1 _aspa
_hger
240 1 _aPhilosophisches Wörterbuch.
_lEspañol
245 1 0 _aDiccionario de filosofía /
_cWalter Brugger ; versión castellana de J.M. Vélez Cantarell y R. Gabás
250 _aUndécima edición
264 1 _aBarcelona :
_bEditorial Herder,
_c1988
_c©1983
300 _a734 páginas ;
_c22 cm
336 _2rdacontent
_atexto
_btxt
337 _2rdamedia
_asin medio
_bn
338 _2rdacarrier
_avolumen
_bnc
490 0 _aBiblioteca Herder ;
_aSección de Teología y Filosofía ;
_v1
650 7 _2armarc
_aFilosofía
_vDiccionarios
655 _aDiccionario
700 1 _aBrugger, Walter,
_eeditor
700 1 _aVélez Cantarell, J. M.,
_etraductor
700 1 _aGabás, R.,
_etraductor
765 0 _aBrugge, Walter
_tPhilosophisches Wörterbuch
_b15a edición
_dFriburgo de Brisgovia, Alemania : Verlag Herder KG, 1978
942 _2ddc
_cLI
_h103
_iD5418
999 _c24083
_d24083